000 00534nam a2200193Ia 4500
003 OSt
005 20240603124142.0
008 210210b1989 xxu||||| |||| 00| 0 eng d
040 _cAL
041 _aKannada
082 _aK894.3 USHM
100 _aUSHA NAVARATNARAM.
_9131699
_dಉಷಾ ನವರತ್ನರಾಂ
245 _aMatte madilige.
_bಮತ್ತೆ ಮಡಿಲಿಗೆ
260 _aBengaluru
_bPrakasha Sahitya
_c1989
300 _a162
690 _aKannada Fiction
_9131700
906 _a049005
942 _2ddc
_cBK
999 _c98120
_d98120